[Event "Ciudad Guayana Cabrera Memorial Up1900"]
[Site "Ciudad Guayana"]
[Date "2016.04.16"]
[Round "2"]
[White "Leon Cedeno, Pedro Jose"]
[Black "Hernandez Chacon, Jose Gregorio"]
[Result "1-0"]
[WhiteElo "1811"]
[BlackElo "1906"]
[PlyCount "65"]
[EventDate "2016.04.15"]
[EventType "swiss"]
[EventRounds "7"]
[EventCountry "VEN"]
[SourceTitle "EXT 2022"]
[Source "ChessBase"]
[SourceDate "2021.10.06"]
[SourceVersion "1"]
[SourceVersionDate "2021.10.06"]
[SourceQuality "1"]

1. g4 d5 2. Bg2 Bxg4 3. c4 Nf6 4. cxd5 e5 5. dxe6 Bxe6 6. Bxb7 Nbd7 7. Bxa8 Qxa8 8. f3 Bd6 9. Nc3 0-0 10. h4 Bg3+ 11. Kf1 Qc6 12. Qa4 Qb6 13. d4 a6 14. e4 Ne5 15. Kg2 Nh5 16. Nge2 Bc4 17. Nxg3 Qg6 18. Bg5 Nxg3 19. Kxg3 Bb5 20. Nxb5 axb5 21. Qxb5 Nc6 22. Qc5 h6 23. Rag1 hxg5 24. hxg5 Rd8 25. Kf2 Rb8 26. b3 Ra8 27. a4 Rb8 28. a5 Nb4 29. Qxc7 Na6 30. Qc4 Qd6 31. g6 Qe6 32. gxf7+ Qxf7 33. Rh8+ 1-0

[Event "Guayana Aniversario UNEG U2200 34th"]
[Site "Guayana"]
[Date "2016.04.01"]
[Round "5"]
[White "Hernandez Chacon, Jose Gregorio"]
[Black "Leon Cedeno, Pedro Jose"]
[Result "1-0"]
[WhiteElo "1964"]
[BlackElo "1820"]
[PlyCount "49"]
[EventDate "2016.03.31"]
[EventType "swiss"]
[EventRounds "6"]
[EventCountry "VEN"]
[SourceTitle "EXT 2022"]
[Source "ChessBase"]
[SourceDate "2021.10.06"]
[SourceVersion "1"]
[SourceVersionDate "2021.10.06"]
[SourceQuality "1"]

1. e4 c5 2. Nf3 Nc6 3. Nc3 g6 4. d4 cxd4 5. Nxd4 Bg7 6. Be3 Nf6 7. Nxc6 bxc6 8. e5 Ng8 9. Bd4 f5 10. Bc4 Qc7 11. Qe2 Bb7 12. 0-0 Nh6 13. Rad1 e6 14. Rfe1 f4 15. Ne4 0-0 16. Nf6+ Kh8 17. Bc3 Rf7 18. Rd4 Nf5 19. Rxf4 Bxf6 20. Rxf5 gxf5 21. exf6 Rg8 22. Qh5 Rg6 23. Bxe6 Rfxf6 24. Bxf5 Qd6 25. Bxg6 1-0